000 00975nam a2200253Ia 4500
003 OSt
005 20221005113101.0
006 a|||||r|||| 00| 0
007 ta
008 221004b |||||||| |||| 00| 0 pan d
020 _a818765418x (hbk)
_cINR 340.00
024 _a33220
037 _b788, 27/02/2017, H.K. Prakashan
_cTextual
040 _aCRL
_cCRL
_bpan
041 _2pan
_apan
082 _aO153,3:g, Q6
100 _aਤੀਰ, ਮਟਮੋਹਨ ਸਿੰਘ, ਂਚ.
245 0 _aਪਾਰਿਸਤਾਨੀ ਪੰਜਾਬੀ ਕਹਾਣੀ ਦਾ ਸੰਖੇਪ ਜਾਇਗ਼ਾ
260 _aਦਿੱਲੀ
_bਮਨਪ੍ਰੀਤ ਪ੍ਰਕਾFਨ ਭਾਰਤ
_c2016
300 _a136ਪ੍ਰ0
_ccm.
650 _a ਪਾਕਿਸਤਾਨੀ ਸਾਹਿਤ
_9160623
942 _hO153,3:g, Q6
_cTEXL
_2cc
999 _c1026990
_d1026990